Libertad y derecho fundamental de la libertad religiosa: arcos de la frontera, 1 y 2 de febrero de 1989

Bewaard in:
Bibliografische gegevens
Hoofdauteur: Ibán, Iván Carlos (Auteur)
Formaat: Boek
Taal:Spaans
Gepubliceerd in: Madrid De Derecho Reunidas 1989
Onderwerpen:
Tags: Voeg label toe
Geen labels, Wees de eerste die dit record labelt!

MARC

LEADER 00000nam a2200000 a 4500
001 UCV2858
003 CL-VaPUC
008 921207e19890000SP |||||||||||||||||spa|d
082 0 4 |a 261.72  |b IBA  |2 21 
100 |a Ibán, Iván Carlos  |e author  |9 616425 
245 1 0 |a Libertad y derecho fundamental de la libertad religiosa: arcos de la frontera, 1 y 2 de febrero de 1989 
300 |a 246 p 
942 |c BK 
945 |d 19921207 00:00:00 
260 |a Madrid  |b De Derecho Reunidas  |c 1989 
650 0 |a Libertad religiosa   |9 297140 
583 |a last modification  |c 19921207 00:00:00  |k Rodrigo Vera 
999 |c 210326  |d 210324 
952 |0 0  |1 0  |4 0  |6 261_720000000000000_IBA_1989  |7 0  |8 A  |9 186469  |a BIBDER  |b BIBDER  |d 2019-11-14  |i 2539527  |o 261.72 IBA 1989  |p 2539527  |r 2023-01-25  |w 2019-11-14  |y BK  |k DER 
952 |0 0  |1 0  |4 0  |6 261_720000000000000_IBA_1989  |7 0  |8 DER_TF  |9 186470  |a BIBDER  |b BIBDER  |d 2019-11-14  |i 2708183  |o 261.72 IBA 1989  |p 2708183  |r 2023-01-25  |w 2019-11-14  |x Ubicación 4to Piso  |y BK  |z Estos recursos deben solicitarse con anticipación  |k DER